LEADER 01062nam a2200253 i 4500 001 000000040928 003 CaOOAMICUS 005 20120410000000.0 008 120410s1970 it u000 u ita u 013 $a12098 040 $aSeMil$bita 100 1 $aWaldenfels, Hans,$d<1931- >.$0(OLS)http://semarc/name/17039 240 10$aStructuren christlicher Existenz.$0(OLS)http://semarc/title/59019 245 10$aNuovi metodi di meditazione /$cH. Waldenfels ... [et al.]. 260 $aRoma :$bPaoline,$ccopyr. 1970. 300 $a88 p., [4] p. di tav. ;$c18 cm. 490 0 $aPunti scottanti di teologia ;$v41 650 4$aPreghiera - Meditazione.$0(OLS)http://semarc/subject/1363 830 0$aPunti scottanti di teologia ;$v41.$0(OLS)http://semarc/title/240 850 $aSeMil 852 $aSeMil$W1$xVenegono$y1$m2C V 391$j7083$B7083$CSeMilBibl$Z2$F7083 $81 961 $aOmaggio: Biblioteca Salesiani 996 $6245$aNuovi metodi di meditazione$9(OLS)http://semarc/title/59018 996 $6260$aRoma :$bPaoline$9(OLS)http://semarc/publisher/29686 LEADER 01054nam a2200241 i 4500 001 000000072560 003 CaOOAMICUS 005 20090402000000.0 008 090402s1965 it u000 u ita u 013 $a43732 040 $aSeMil$bita 100 1 $aDawson, Christopher <1889-1970>.$0(OLS)http://semarc/name/22920 240 14$aThe crisis of Western education.$0(OLS)http://semarc/title/117040 245 13$aLa crisi dell'educazione occidentale /$cChristopher Dawson ; [trad. di Marisa Belletti Capretti]. 260 $aBrescia :$bMorcelliana,$c1965. 300 $a269 p. ;$c23 cm. 650 4$aEducazione.$0(OLS)http://semarc/subject/204 650 4$aSociologia cristiana.$0(OLS)http://semarc/subject/2045 700 1 $aBelletti Capretti, Marisa.$0(OLS)http://semarc/name/35965 850 $aSeMil 852 $aSeMil$W1$xVenegono$y1$m2Q I 414$j38713$B38713$CSeMilBibl$Z2$F38716 $81 996 $6245$aLa crisi dell'educazione occidentale$9(OLS)http://semarc/title/117039 996 $6260$aBrescia :$bMorcelliana$9(OLS)http://semarc/publisher/29629